| 000 | 04459cam a22007214i 4500 | ||
|---|---|---|---|
| 003 | PE-LiUPU | ||
| 005 | 20250731165601.0 | ||
| 008 | 150706s2004 r 000 0 d | ||
| 020 | _a8474326974 | ||
| 035 | _a(Sirsi) i9788474326970 | ||
| 040 |
_aPE-LiUPU _bspa _cPE-LiUPU _erda |
||
| 049 | _aPRUA | ||
| 082 | 0 | 4 |
_a001.42 _bO69 2004 |
| 082 | 0 | 4 |
_a001.42 _bW19 _221 |
| 100 | 1 |
_aOrna, Elizabeth, _eautor. |
|
| 245 | 1 | 0 |
_aCómo usar la información en trabajos de investigación. _n4 / _cElizabeth Orna y Graham Stevens. |
| 250 | _aPrimera Edición | ||
| 264 | 1 |
_aBarcelona : _bGedisa, _c2004. |
|
| 300 |
_a238 páginas : _bilustraciones ; _c24 centímetros |
||
| 336 |
_atext _2rdacontent |
||
| 337 |
_aunmediated _2rdamedia |
||
| 338 |
_avolume _2rdacarrier |
||
| 490 | 0 |
_aBiblioteca de educación. Herramientas universitarias ; _v4 |
|
| 504 | _aBibliografía: 228. | ||
| 505 | 0 | _a¿Qué estamos haciendo cuando investigamos? -- Diseñar el mapa del territorio de investigación: áreas conocidas y desconocidas -- Manejar la información como apoyo para la investigación -- La actualización de registros: documentar la investigación -- Administrar el tiempo disponible -- Planificar los productos informativos de la investigación: preguntas para responder -- Planificar los productos informativos de la investigación: primeras decisiones -- Ampliar nuestro repertorio para presentar la información -- ¡El diseño es más que un cosmético! -- Transformar el conocimiento en información escrita: diseñar el texto. | |
| 526 | _aSEG44 | ||
| 526 | _aSEG26 | ||
| 526 | _aP151 | ||
| 526 | _aP150 | ||
| 526 | _aP149 | ||
| 526 | _aP146 | ||
| 526 | _aP145 | ||
| 526 | _aP126 | ||
| 526 | _aP125 | ||
| 526 | _aP92 | ||
| 526 | _aP75 | ||
| 526 | _aP74 | ||
| 526 | _aP27 | ||
| 526 | _aP15 | ||
| 541 | _g001-0031424; | ||
| 650 | 0 | 4 |
_aInvestigación _xMetodología. |
| 650 | 0 | 4 |
_aServicios de información _vManuales, etc. |
| 650 | 0 | 4 |
_aServicios de información _xAdministración. |
| 700 | 1 |
_aStevens, Graham, _eautor. |
|
| 910 |
_bjv _clch _d20070503 |
||
| 910 |
_btqv _cwelc _d20160711 |
||
| 942 |
_2ddc _cBOOK |
||
| 949 |
_a001.42 BE 4 _wDEWEY _c1 _i61332 _lCCODEBUL1 _mBUL _p33.00 _r0 _sY _tBOOK _u2015-7-6 _xEDUCACION _PP57 _0COMPRA _o.CIRCNOTE. No olvidar cambiar la fecha de devolución!!!!!!! _o.STAFF. Colección General |
||
| 949 |
_a001.42 O69 2004 _wDEWEY _c1 _iFJ00782 _lCCODEBUJ1 _mBUJ _p24.02 _r0 _sY _tBOOK _u2016-7-11 _xFCE _PP08 _0COMPRA _o.STAFF. Colección General Juliaca |
||
| 949 |
_a001.42 O69 2004 _wDEWEY _c2 _iFJ00783 _lCCODEBUJ1 _mBUJ _p24.02 _r0 _sY _tBOOK _u2016-7-11 _xFCE _PP08 _0COMPRA _o.STAFF. Colección General Juliaca |
||
| 949 |
_aPGE 001.42 BE 4 _wDEWEY _c1 _i57147 _lCCODEBUL1 _mBUL _p22.00 _r0 _sY _tBOOK _u2015-6-25 _xEDUCACION _PP57 _0COMPRA _o.CIRCNOTE. No olvidar cambiar la fecha de devolución!!!!!!! _o.STAFF. Colección General |
||
| 949 |
_aPGE 001.42 BE 4 _wDEWEY _c2 _i56921 _lCCODEBUL1 _mBUL _p61.00 _r0 _sY _tBOOK _u2015-6-25 _xEDUCACION _PP57 _0COMPRA _o.STAFF. Colección General |
||
| 994 |
_aC0 _bPEPRU |
||
| 596 | _a1 3 | ||
| 999 |
_aPGE 001.42 BE 4 _wDEWEY _c46065 _i57147 _f2021-11-4 _g5 _lCCODEBUL1 _mBUL _p22.00 _r0 _sY _tBOOK _u2015-6-25 _xBIBLIOTECA _PP57 _0COMPRA _o.CIRCNOTE. No olvidar cambiar la fecha de devolución!!!!!!! _o.STAFF. Colección General _d46065 |
||
| 999 |
_aPGE 001.42 BE 4 _wDEWEY _c2 _i56921 _d2018-7-1 _f2021-11-4 _g5 _lCCODEBUL1 _mBUL _p61.00 _q1 _r0 _sY _tBOOK _u2015-6-25 _xBIBLIOTECA _PP57 _0COMPRA _o.STAFF. Colección General |
||
| 999 |
_a001.42 BE 4 _wDEWEY _c1 _i61332 _f2021-11-4 _g5 _lCCODEBUL1 _mBUL _p33.00 _r0 _sY _tBOOK _u2015-7-6 _xBIBLIOTECA _PP57 _0COMPRA _o.CIRCNOTE. No olvidar cambiar la fecha de devolución!!!!!!! _o.STAFF. Colección General |
||
| 999 |
_a001.42 O69 2004 _wDEWEY _c1 _iFJ00782 _d2019-5-28 _e2017-3-10 _f2021-12-27 _g4 _lCCODEBUJ1 _mBUJ _n1 _p24.02 _q3 _r0 _sY _tBOOK _u2016-7-11 _xINGENIERIA _PP27 _0COMPRA _o.STAFF. Colección General Juliaca |
||
| 999 |
_a001.42 O69 2004 _wDEWEY _c2 _iFJ00783 _f2021-12-27 _g4 _lCCODEBUJ1 _mBUJ _p24.02 _r0 _sY _tBOOK _u2016-7-11 _xFCE _PP08 _0COMPRA _o.STAFF. Colección General Juliaca |
||
| 999 |
_a001.42 O69 2004 _wDEWEY _c1 _i1005890 _lCCODECWJ1 _mBUL _r0 _sY _tUNKNOWN _u2017-5-8 _o.STAFF. Colección General |
||
| 999 |
_a001.42 O69 2004 _wDEWEY _c2 _i1007822 _lCCODECWJ1 _mBUL _r0 _sY _tUNKNOWN _u2017-5-8 _o.STAFF. Colección General |
||
| 980 |
_81 _gALBERTO SANCHEZ Responsable de Automatización |
||